[Event "Warsaw YMCA Winter-D 212th"]
[Site "Warsaw"]
[Date "2019.01.22"]
[Round "3"]
[White "Ossolinski, Lukasz"]
[Black "Jochym, Slawomir"]
[Result "1-0"]
[WhiteElo "1371"]
[BlackElo "1186"]
[PlyCount "67"]
[EventDate "2019.01.08"]
[EventType "tourn"]
[EventRounds "13"]
[EventCountry "POL"]
[SourceTitle "EXT 2021"]
[Source "ChessBase"]
[SourceDate "2020.10.23"]
[SourceVersion "1"]
[SourceVersionDate "2020.10.23"]
[SourceQuality "1"]

1. e4 e5 2. Nf3 Nc6 3. Nc3 Nf6 4. Bb5 Bd6 5. d3 h6 6. Ne2 a6 7. Ba4 b5 8. Bb3 Na5 9. Ng3 0-0 10. Nf5 Nxb3 11. axb3 Re8 12. Be3 Ng4 13. Bd2 Bc5 14. Ne3 Nxe3 15. Bxe3 Bxe3 16. fxe3 d6 17. 0-0 Rf8 18. Qe1 f5 19. exf5 Bxf5 20. b4 e4 21. Nd4 Qd7 22. dxe4 Bxe4 23. Rxf8+ Kxf8 24. Qh4 Bh7 25. c3 Kg8 26. Qh5 c6 27. Nxb5 cxb5 28. Qd5+ Kh8 29. Qxa8+ Bg8 30. Qxa6 Bc4 31. Qa8+ Kh7 32. Qe4+ Kh8 33. Ra8+ Bg8 34. Qd5 1-0

[Event "Warsaw YMCA Autumn-D 208th"]
[Site "Warsaw"]
[Date "2018.11.29"]
[Round "11"]
[White "Oles, Jan"]
[Black "Jochym, Slawomir"]
[Result "1-0"]
[WhiteElo "1231"]
[BlackElo "1201"]
[PlyCount "89"]
[EventDate "2018.09.18"]
[EventType "tourn"]
[EventRounds "13"]
[EventCountry "POL"]
[SourceTitle "EXT 2021"]
[Source "ChessBase"]
[SourceDate "2020.10.23"]
[SourceVersion "1"]
[SourceVersionDate "2020.10.23"]
[SourceQuality "1"]

1. d4 Nf6 2. Nc3 d5 3. Nf3 Nc6 4. h3 Bf5 5. a3 h6 6. Bf4 a6 7. e3 e6 8. Bd3 Bxd3 9. Qxd3 Be7 10. Ne5 Nb8 11. Nb5 Ne4 12. Nxc7+ Qxc7 13. Nxf7 Bd6 14. Nxh8 Bxf4 15. exf4 Qxf4 16. 0-0 Qf6 17. Qf3 Nc6 18. Qxf6 Nxf6 19. c3 Ne7 20. Rae1 Ne4 21. f3 Ng5 22. h4 Nf7 23. Rxe6 Nxh8 24. Rfe1 0-0-0 25. Rxe7 Ng6 26. Rxg7 Nxh4 27. Ree7 Nf5 28. Rc7+ Kb8 29. Rxb7+ Ka8 30. Ra7+ Kb8 31. Rgd7 Ne3 32. Rxd8+ Kxa7 33. Rh8 Nd1 34. Rxh6 Nxb2 35. g4 Na4 36. g5 Nxc3 37. g6 Ne2+ 38. Kf2 Nxd4 39. g7 Nf5 40. g8Q Nxh6 41. Qg7+ Kb6 42. Qxh6+ Kb5 43. f4 a5 44. f5 Ka4 45. Qd6 1-0

[Event "Warsaw YMCA Autumn-D 208th"]
[Site "Warsaw"]
[Date "2018.11.13"]
[Round "9"]
[White "Berdyga, Mariusz"]
[Black "Jochym, Slawomir"]
[Result "1/2-1/2"]
[WhiteElo "1278"]
[BlackElo "1201"]
[PlyCount "74"]
[EventDate "2018.09.18"]
[EventType "tourn"]
[EventRounds "13"]
[EventCountry "POL"]
[SourceTitle "EXT 2021"]
[Source "ChessBase"]
[SourceDate "2020.10.23"]
[SourceVersion "1"]
[SourceVersionDate "2020.10.23"]
[SourceQuality "1"]

1. e4 e5 2. Nf3 Nc6 3. Nc3 a6 4. d4 exd4 5. Nxd4 Qf6 6. Nxc6 dxc6 7. Bd3 Bc5 8. 0-0 Ne7 9. e5 Qe6 10. Re1 Bd7 11. Qe2 0-0-0 12. Be3 Bb6 13. Bxb6 cxb6 14. Bxa6 b5 15. a4 bxa6 16. axb5 cxb5 17. Qe3 Qc6 18. Ne4 Be6 19. Nd6+ Kb8 20. Ra3 Nd5 21. Qd4 Rhg8 22. Rea1 Nc7 23. Rc3 Bc4 24. b3 Nd5 25. Qe4 Rxd6 26. exd6 Re8 27. Qf3 Qxd6 28. bxc4 Nxc3 29. Qxc3 Qe5 30. Qxe5+ Rxe5 31. cxb5 Rxb5 32. g3 Rb6 33. h4 Kb7 34. Re1 Re6 35. Rb1+ Rb6 36. Rd1 Kc7 37. Kf1 Rd6 1/2-1/2

[Event "Warsaw YMCA Autumn-D 208th"]
[Site "Warsaw"]
[Date "2018.10.30"]
[Round "7"]
[White "Jochym, Slawomir"]
[Black "Markiewicz, Janusz"]
[Result "1-0"]
[WhiteElo "1201"]
[BlackElo "1170"]
[PlyCount "103"]
[EventDate "2018.09.18"]
[EventType "tourn"]
[EventRounds "13"]
[EventCountry "POL"]
[SourceTitle "EXT 2021"]
[Source "ChessBase"]
[SourceDate "2020.10.23"]
[SourceVersion "1"]
[SourceVersionDate "2020.10.23"]
[SourceQuality "1"]

1. d4 e5 2. c3 exd4 3. cxd4 Bb4+ 4. Nc3 Nf6 5. a3 Bxc3+ 6. bxc3 h6 7. Nf3 0-0 8. e3 d5 9. Be2 Nc6 10. 0-0 Bf5 11. Re1 a6 12. c4 Be4 13. Nd2 Re8 14. Qb3 Na5 15. Qb4 b6 16. Nb3 Nxc4 17. Bxc4 dxc4 18. Qxc4 Bd5 19. Qc2 Ne4 20. Bb2 Qg5 21. f3 Nd6 22. e4 Bc4 23. e5 Bxb3 24. Qxb3 Nf5 25. e6 fxe6 26. Rxe6 Kh8 27. Rae1 Rf8 28. R1e5 Qf4 29. Re4 Qd2 30. d5 Kh7 31. Bc3 Qc1+ 32. Re1 Qg5 33. Qc2 g6 34. R1e4 h5 35. h4 Qd8 36. R4e5 Qxh4 37. Be1 Qd4+ 38. Bf2 Qa1+ 39. Re1 Qg7 40. Qe4 Rf7 41. d6 Rd8 42. dxc7 Rxc7 43. Bxb6 Rcc8 44. Bxd8 Rxd8 45. Rxa6 Rd7 46. Qe5 Qf7 47. a4 Re7 48. Re6 Ra7 49. a5 Nh4 50. Re7 Rxe7 51. Qxe7 Qxe7 52. Rxe7+ 1-0

[Event "Warsaw YMCA Autumn-D 208th"]
[Site "Warsaw"]
[Date "2018.10.23"]
[Round "6"]
[White "Wyczesany, Dariusz"]
[Black "Jochym, Slawomir"]
[Result "1-0"]
[WhiteElo "1397"]
[BlackElo "1201"]
[PlyCount "135"]
[EventDate "2018.09.18"]
[EventType "tourn"]
[EventRounds "13"]
[EventCountry "POL"]
[SourceTitle "EXT 2021"]
[Source "ChessBase"]
[SourceDate "2020.10.23"]
[SourceVersion "1"]
[SourceVersionDate "2020.10.23"]
[SourceQuality "1"]

1. e4 e5 2. Nf3 Nc6 3. Bb5 a6 4. Ba4 b5 5. Bb3 Nf6 6. d3 Be7 7. 0-0 0-0 8. Re1 d6 9. c3 Bb7 10. Nbd2 Qd7 11. Nf1 a5 12. Ng3 a4 13. Bc2 Ne8 14. Qe2 Bd8 15. Bd2 Ne7 16. d4 Ng6 17. Rad1 Bf6 18. Nh5 Ba6 19. Bd3 c6 20. h3 Be7 21. g4 Nh4 22. Nh2 h6 23. f4 Nf6 24. Ng3 exd4 25. cxd4 Nh7 26. Be3 Rae8 27. Qc2 g5 28. e5 Ng6 29. Bxg6 fxg6 30. Qxg6+ Kh8 31. Nf5 Bd8 32. Qxh6 Re6 33. Qh5 gxf4 34. Bxf4 d5 35. Nf3 Qf7 36. Qxf7 Rxf7 37. Bg3 Ng5 38. Nxg5 Bxg5 39. Bh4 Bxh4 40. Nxh4 Rh7 41. Nf3 Rg7 42. Kh2 b4 43. Re3 Bc4 44. b3 axb3 45. axb3 Bb5 46. Ne1 Rg5 47. Nf3 Rg8 48. Kg3 Rc8 49. Rc1 Ra8 50. Ne1 Ra3 51. Nc2 Ra2 52. Nxb4 Rd2 53. Nc2 Bd3 54. Ne1 Be4 55. Rec3 Rxd4 56. Rxc6 Rxe5 57. Rb6 Kg7 58. Rc7+ Kf8 59. Rh6 Kg8 60. Rd6 Re8 61. Rb6 Rd1 62. Nc2 Bxc2 63. Rxc2 d4 64. Rc7 d3 65. Rd7 d2 66. Kh4 Kf8 67. Rbd6 Re2 68. g5 1-0

[Event "Suwalki op"]
[Site "Suwalki"]
[Date "2015.06.30"]
[Round "2"]
[White "Przytula, Grzegorz"]
[Black "Jochym, Slawomir"]
[Result "1-0"]
[WhiteElo "1946"]
[BlackElo "1106"]
[PlyCount "43"]
[EventDate "2015.06.29"]
[EventType "swiss"]
[EventRounds "9"]
[EventCountry "POL"]
[SourceTitle "EXT 2017"]
[Source "ChessBase"]
[SourceDate "2016.10.25"]
[SourceVersion "1"]
[SourceVersionDate "2016.10.25"]
[SourceQuality "1"]

1. e4 Nc6 2. Nf3 e5 3. d4 exd4 4. Bc4 Bc5 5. c3 Qe7 6. 0-0 d6 7. cxd4 Bb6 8. h3 h6 9. Re1 Bd7 10. e5 0-0-0 11. Bf4 g5 12. exd6 Qf6 13. dxc7 Bxc7 14. Bxc7 Kxc7 15. Nc3 Qg6 16. d5 g4 17. dxc6 gxh3 18. Nb5+ Kc8 19. cxd7+ Kb8 20. g3 Qc6 21. Qd4 b6 22. Qe5+ 1-0